[Event "GER-ch Schools U18 Girls"]
[Site "Germany"]
[Date "2010.05.09"]
[Round "7.2"]
[White "Demetrescu, Alice"]
[Black "Liez, Franziska"]
[Result "1-0"]
[WhiteElo "800"]
[BlackElo "1440"]
[PlyCount "115"]
[EventDate "2010.05.07"]
[EventType "team-swiss"]
[EventRounds "7"]
[EventCountry "GER"]
[SourceTitle "EXT 2011"]
[Source "ChessBase"]
[SourceDate "2010.11.26"]
[SourceVersion "1"]
[SourceVersionDate "2010.11.26"]
[SourceQuality "1"]
[WhiteTeam "Dortmund MG (W)"]
[BlackTeam "Limburg Mariens (W)"]
[WhiteTeamCountry "GER"]
[BlackTeamCountry "GER"]

1. d4 d5 2. c4 Nf6 3. cxd5 Nxd5 4. e4 Nb6 5. Nc3 e6 6. Bf4 Bb4 7. Bd3 Qxd4 8. Bb5+ Qd7 9. Bxd7+ Bxd7 10. Nge2 0-0 11. 0-0 Nc6 12. Bxc7 Be8 13. Bxb6 axb6 14. a3 Be7 15. Qb3 Ne5 16. Qxb6 Bc6 17. Rfd1 Nc4 18. Qb3 Nd6 19. Nd4 Rab8 20. e5 Ne4 21. Nxc6 bxc6 22. Qc2 Nc5 23. b4 Na6 24. Rd3 Bxb4 25. Rh3 h6 26. axb4 Nxb4 27. Qe4 Nd5 28. Nxd5 cxd5 29. Qd3 Rfc8 30. g3 Rc4 31. Rh4 Rxh4 32. gxh4 h5 33. Rb1 Rf8 34. Qb5 g6 35. Qb8 Rxb8 36. Rxb8+ Kg7 37. Kg2 g5 38. hxg5 Kg6 39. Rb7 Kxg5 40. Rxf7 d4 41. Kf3 Kg6 42. Rd7 Kf5 43. Rxd4 Kxe5 44. Rh4 Kd5 45. Rxh5+ e5 46. Ke3 Ke6 47. Ke4 Kf6 48. Rxe5 Kg6 49. Kf4 Kf6 50. h4 Kg6 51. h5+ Kh6 52. Kg4 Kg7 53. Re3 Kh6 54. Rh3 Kg7 55. h6+ Kh7 56. f4 Kg8 57. h7+ Kh8 58. f5 1-0

[Event "GER-ch Schools U18 Girls"]
[Site "Germany"]
[Date "2010.05.08"]
[Round "5.2"]
[White "Boehnki, Linda"]
[Black "Demetrescu, Alice"]
[Result "1/2-1/2"]
[WhiteElo "800"]
[BlackElo "800"]
[PlyCount "48"]
[EventDate "2010.05.07"]
[EventType "team-swiss"]
[EventRounds "7"]
[EventCountry "GER"]
[SourceTitle "EXT 2011"]
[Source "ChessBase"]
[SourceDate "2010.11.26"]
[SourceVersion "1"]
[SourceVersionDate "2010.11.26"]
[SourceQuality "1"]
[WhiteTeam "Blankenburg GaT (W)"]
[BlackTeam "Dortmund MG (W)"]
[WhiteTeamCountry "GER"]
[BlackTeamCountry "GER"]

1. Nf3 e6 2. e4 Nc6 3. d4 d5 4. e5 Be7 5. Bd3 f6 6. 0-0 b6 7. b3 Bb7 8. c4 Nb4 9. Be2 c5 10. dxc5 Bxc5 11. a3 Nc6 12. Bd3 dxc4 13. Be4 f5 14. Nc3 fxe4 15. Nxe4 Nxe5 16. Nxe5 Bxe4 17. Qg4 Bg6 18. Nxg6 hxg6 19. Qxg6+ Kf8 20. Bb2 Bd4 21. Rfd1 Ne7 22. Qxe6 Qc7 23. g3 Bxb2 24. Rd7 Qc5 1/2-1/2

[Event "GER-ch Schools U18 Girls"]
[Site "Germany"]
[Date "2009.05.17"]
[Round "4.2"]
[White "Danicka, Karolina"]
[Black "Demetrescu, Alice"]
[Result "0-1"]
[WhiteElo "800"]
[BlackElo "800"]
[PlyCount "106"]
[EventDate "2009.05.16"]
[EventType "team-swiss"]
[EventRounds "7"]
[EventCountry "GER"]
[SourceTitle "EXT 2011"]
[Source "ChessBase"]
[SourceDate "2010.11.26"]
[SourceVersion "1"]
[SourceVersionDate "2010.11.26"]
[SourceQuality "1"]
[WhiteTeam "St Marien (W)"]
[BlackTeam "Mallinckrodt Do (W)"]
[WhiteTeamCountry "GER"]
[BlackTeamCountry "GER"]

1. e4 Nf6 2. d3 Nc6 3. Nf3 d6 4. Nc3 e5 5. d4 exd4 6. Nxd4 Nxd4 7. Qxd4 c5 8. Qc4 Be7 9. Bf4 0-0 10. 0-0-0 Be6 11. Nd5 Ng4 12. Nxe7+ Qxe7 13. Qe2 Qf6 14. Bxd6 Nxf2 15. Bxf8 Rxf8 16. e5 Qf4+ 17. Qd2 Qxd2+ 18. Rxd2 Nxh1 19. g3 Bxa2 20. Bg2 Nxg3 21. hxg3 b6 22. b3 c4 23. Kb2 cxb3 24. cxb3 Bxb3 25. Kxb3 f6 26. exf6 Rxf6 27. Ra2 a5 28. Kc4 h5 29. Kb5 g5 30. Ka6 h4 31. g4 Rh6 32. Bh3 Kf7 33. Rf2+ Ke7 34. Rf5 Rg6 35. Rb5 a4 36. Re5+ Re6 37. Rxe6+ Kxe6 38. Kb5 a3 39. Kb4 a2 40. Kb3 a1Q 41. Kb4 Qc1 42. Kb5 Qc5+ 43. Ka6 b5 44. Bg2 b4 45. Be4 Qc4+ 46. Ka5 Qxe4 47. Kb5 Qd4 48. Ka5 b3 49. Kb5 b2 50. Kc6 b1R 51. Kc7 Rc1+ 52. Kb7 Qb4+ 53. Ka7 Ra1# 0-1

[Event "GER-ch Schools U18 Girls"]
[Site "Germany"]
[Date "2009.05.17"]
[Round "6.2"]
[White "Zibell, Christine"]
[Black "Demetrescu, Alice"]
[Result "0-1"]
[WhiteElo "794"]
[BlackElo "800"]
[PlyCount "56"]
[EventDate "2009.05.16"]
[EventType "team-swiss"]
[EventRounds "7"]
[EventCountry "GER"]
[SourceTitle "EXT 2011"]
[Source "ChessBase"]
[SourceDate "2010.11.26"]
[SourceVersion "1"]
[SourceVersionDate "2010.11.26"]
[SourceQuality "1"]
[WhiteTeam "Neubrandenburg (W)"]
[BlackTeam "Mallinckrodt Do (W)"]
[WhiteTeamCountry "GER"]
[BlackTeamCountry "GER"]

1. e4 Nf6 2. Nc3 Nc6 3. d4 e5 4. d5 Nd4 5. Bc4 d6 6. Be3 Ng4 7. Bxd4 exd4 8. Qxd4 Qf6 9. Qd2 Ne5 10. Bb3 Be7 11. 0-0-0 0-0 12. f3 c6 13. Nge2 c5 14. Rhf1 c4 15. Bxc4 Nxc4 16. Qd3 Ne5 17. Qd4 Nd7 18. g4 Qxd4 19. Rxd4 Bg5+ 20. Kb1 Nc5 21. h3 b6 22. f4 Bf6 23. Rd2 Ba6 24. g5 Bxc3 25. Rfd1 Bxd2 26. Rxd2 Nxe4 27. Rd4 Rae8 28. h4 Bxe2 0-1

[Event "GER-ch Schools U18 Girls"]
[Site "Germany"]
[Date "2009.05.16"]
[Round "2.2"]
[White "Wolff, Marie Antoinette"]
[Black "Demetrescu, Alice"]
[Result "1/2-1/2"]
[WhiteElo "708"]
[BlackElo "800"]
[PlyCount "37"]
[EventDate "2009.05.16"]
[EventType "team-swiss"]
[EventRounds "7"]
[EventCountry "GER"]
[SourceTitle "EXT 2011"]
[Source "ChessBase"]
[SourceDate "2010.11.26"]
[SourceVersion "1"]
[SourceVersionDate "2010.11.26"]
[SourceQuality "1"]
[WhiteTeam "Pestalozzi GS (W)"]
[BlackTeam "Mallinckrodt Do (W)"]
[WhiteTeamCountry "GER"]
[BlackTeamCountry "GER"]

1. f4 d5 2. d4 e6 3. e3 Nf6 4. Bd3 g6 5. Nf3 Nc6 6. 0-0 Bg7 7. Nbd2 0-0 8. Ne5 Nb4 9. Be2 b6 10. a3 Na6 11. Nc6 Qd6 12. Ne5 c5 13. Rf3 cxd4 14. exd4 Ne4 15. Nxe4 dxe4 16. Rh3 Bxe5 17. fxe5 Qc7 18. Bh5 Rd8 19. Bg5 1/2-1/2